| 000 -LEADER |
| fixed length control field |
00815cam a2200205 i 4500 |
| 001 - CONTROL NUMBER |
| control field |
19912923 |
| 005 - DATE AND TIME OF LATEST TRANSACTION |
| control field |
20221107171258.0 |
| 008 - FIXED-LENGTH DATA ELEMENTS--GENERAL INFORMATION |
| fixed length control field |
170815s2018 paua b 001 0 eng |
| 020 ## - INTERNATIONAL STANDARD BOOK NUMBER |
| International Standard Book Number |
9781496370921 X |
| 080 ## - UNIVERSAL DECIMAL CLASSIFICATION NUMBER |
| Universal Decimal Classification number |
616-092(084.4) A-53 |
| 245 10 - TITLE STATEMENT |
| Title |
Anatomical chart company atlas of pathophysiology / |
| Statement of responsibility, etc. |
Julie Stewart, DNP, MPH,MSN, FNP-BC, FAANP, Associate Professor, Sacred Heart University, Fairfield, Connecticut. |
| 250 ## - EDITION STATEMENT |
| Edition statement |
Fourth edition. |
| 264 #1 - PRODUCTION, PUBLICATION, DISTRIBUTION, MANUFACTURE, AND COPYRIGHT NOTICE |
| Place of production, publication, distribution, manufacture |
Philadelphia : |
| Name of producer, publisher, distributor, manufacturer |
Wolters Kluwer, |
| Date of production, publication, distribution, manufacture, or copyright notice |
[2018]. |
| 300 ## - PHYSICAL DESCRIPTION |
| Extent |
479 pages : |
| Other physical details |
color illustrations ; |
| Dimensions |
29 cm. |
| 653 ## - INDEX TERM--UNCONTROLLED |
| keyword |
ადამიანის ანატომია |
| 653 ## - INDEX TERM--UNCONTROLLED |
| keyword |
პათოფიზიოლოგია |
| 653 ## - INDEX TERM--UNCONTROLLED |
| keyword |
ატლასი |
| 700 1# - ADDED ENTRY--PERSONAL NAME |
| Personal name |
Stewart, Julie G., |
| Relator term |
რედაქტორი |
| 9 (RLIN) |
8404 |
| 942 ## - ADDED ENTRY ELEMENTS (KOHA) |
| Source of classification or shelving scheme |
|
| Koha item type |
შერეული მასალები |